Mathematical bioeconomics: the optimal management of renewable resources

Gardado en:
Detalles Bibliográficos
Autor Principal: Clark, Colin Whitcomb (Author)
Formato: Libro
Idioma:inglés
Publicado: Nueva York John Wiley 1976
Series:Pure and applied mathematics
Subjects:
Tags: Engadir etiqueta
Sen Etiquetas, Sexa o primeiro en etiquetar este rexistro!

MARC

LEADER 00000nam a2200000 a 4500
001 UCY2932
003 CL-VaPUC
008 941129e19760000US |||||||||||||||||eng|d
082 0 4 |a 511.8  |b CLA  |2 21 
100 0 |a Clark, Colin Whitcomb  |e author  |9 331103 
245 1 0 |a Mathematical bioeconomics: the optimal management of renewable resources 
300 |a 352 p 
942 |c BK 
945 |d 19941129 00:00:00  |a mfernand 
260 |a Nueva York  |b John Wiley  |c 1976 
650 7 |a BIOLOGIA ECONOMICA  |2 CL-VaPUC  |9 261183 
650 7 |a CONSERVACION DE RECURSOS PESQUEROS MODELOS MATEMATICOS  |2 CL-VaPUC  |9 331104 
650 7 |a MANEJO FORESTAL  |2 CL-VaPUC  |9 270818 
650 7 |a RECURSOS NATURALES ADMINISTRACION  |2 CL-VaPUC  |9 261388 
650 7 |a RECURSOS NATURALES RENOVABLES  |2 CL-VaPUC  |9 262788 
583 |a last modification  |c 19941129 00:00:00  |k Rodrigo Vera 
490 0 |a Pure and applied mathematics 
999 |c 231199  |d 231197 
952 |0 0  |1 0  |2 ddc  |4 0  |6 511_800000000000000_CLA_1976  |7 0  |8 CCM  |9 234072  |a BIBCUR  |b BIBCUR  |c PAC  |d 2019-11-15  |i 3039161  |o 511.8 CLA 1976  |p 3039161  |r 2025-04-22  |w 2019-11-15  |y BK  |k CIM